• 首页
  • 本馆介绍
  • 公告通知
  • 最新文献
  • 馆藏检索
  • 电子资源
  • 读者导购
  • 参考咨询
  • 我的图书馆
  • 登录
  • 详细信息显示
  • 放入我的书架
  • 预约/预借图书
  • 作者相关作品
  • 分类相关作品
  • 丛书相关作品
  • 出版社相关作品

书目信息

  • 表格格式
  • 工作单格式
  • 卡片格式
题名:
塑料温室大棚设计与建设
    
 
作者: 高和林 , 赵斌 , 贾建国 编著
分册:  
出版信息: 北京   中国农业出版社  2021.4
页数: 147页
开本: 26cm
丛书名:
单 册:
中图分类: S625
科图分类:
主题词: 塑料温室--设计 , 塑料温室--建设
电子资源:
ISBN: 978-7-109-19913-2
000 01010nam0 2200277 45
001 012001002756
005 20141008113533.0
010    @a978-7-109-19913-2@dCNY68.00
096    @aS625@bghl
100    @a20150211d2014 em y0chiy50 ea
101 0  @achi
102    @aCN@b110000
105    @aa z 000yy
106    @ar
200 1  @a塑料温室大棚设计与建设@Asu liao wen shi da peng she ji yu jian she@b专著@f高和林,赵斌,贾建国编著
210    @a北京@c中国农业出版社@d2021.4
215    @a147页@c彩照,图@d26cm
330    @a本书内容包括:高和林老师大棚的主要设计思想与特色、关于影响大棚造价的因素、如何加强大棚的保温和取暖效果、塑料大棚钢结构的制作与安装工艺、大棚膜的安装、阳光板与普通大棚膜相结合的大棚设计与建造等。
606 0  @a塑料温室@x设计
606 0  @a塑料温室@x建设
690    @aS625@v5
701  0 @a高和林@Agao he lin@f(1949 )@4编著
701  0 @a赵斌@Azhao bin@4编著
701  0 @a贾建国@Ajia jian guo@f(1963 )@4编著
801  2 @aCN@bBJSDL@c20211018
905    @b1344797-800@dS625@e688@f4
    
    塑料温室大棚设计与建设/高和林,赵斌,贾建国编著.-北京:中国农业出版社,2021.4
    147页:彩照,图;26cm
    
    
    ISBN 978-7-109-19913-2:CNY68.00
    本书内容包括:高和林老师大棚的主要设计思想与特色、关于影响大棚造价的因素、如何加强大棚的保温和取暖效果、塑料大棚钢结构的制作与安装工艺、大棚膜的安装、阳光板与普通大棚膜相结合的大棚设计与建造等。
●
相关链接 在E读中查询图书 在五车中查询图书 在当当中查询图书 在豆瓣中查询图书


正题名:塑料温室大棚设计与建设     索取号:S625/688         预约/预借

序号 登录号 条形码 馆藏地/架位号 状态 备注
1 1344797   213447974   第二样本阅览室/ [索取号:S625/688] 在馆    
2 1344798   213447983   第三借阅区/ [索取号:S625/688] 在馆    
3 1344799   213447992   第三借阅区/ [索取号:S625/688] 在馆    
4 1344800   213448009   第三借阅区/ [索取号:S625/688] 在馆    
唐山师范学院图书馆 欢迎您!
大连网信软件有限公司© 版权所有